[Event "25th 4NCL Congress"]
[Site "Leamington Spa, United Kingdom"]
[Date "2021.07.10"]
[Round "2.18"]
[White "Stoica, Savas Marin"]
[Black "Makkar, Rajat"]
[Result "1/2-1/2"]
[TimeControl "All moves in 90 minutes + 30 seconds per move"]
[WhiteElo "1833"]
[BlackElo "2230"]

1. e4 {[%clk 01:30:56]} {[%emt 00:02:36]} e5 {[%clk 01:30:47]} 2. Nf3 {[%clk
01:31:17]} Nc6 {[%clk 01:31:13]} 3. Bb5 {[%clk 01:31:38]} a6 {[%clk 01:31:27]}
4. Ba4 {[%clk 01:32:01]} Nf6 {[%clk 01:31:48]} 5. O-O {[%clk 01:32:23]} b5
{[%clk 01:32:09]} 6. Bb3 {[%clk 01:32:46]} Bc5 {[%clk 01:32:31]} 7. c3 {[%clk
01:32:06]} d6 {[%clk 01:32:36]} 8. a4 {[%clk 01:30:28]} Rb8 {[%clk 01:32:52]} 9.
d4 Bb6 {[%clk 01:33:13]} 10. a5 {[%clk 01:31:14]} Ba7 {[%clk 01:33:30]} 11. Bg5
{[%clk 01:27:46]} h6 {[%clk 01:32:28]} 12. Bd5 {[%clk 01:22:30]} Bb7 {[%clk
01:28:48]} 13. Be3 {[%clk 01:11:54]} exd4 {[%clk 01:17:09]} 14. Nxd4 {[%clk
01:04:55]} Nxd4 {[%clk 01:15:07]} 15. Bxb7 {[%clk 01:03:09]} Rxb7 {[%clk
01:15:08]} 16. cxd4 {[%clk 00:58:40]} O-O {[%clk 01:13:27]} 17. Nd2 {[%clk
00:55:25]} c5 {[%clk 01:09:54]} 18. dxc5 {[%clk 00:49:46]} dxc5 {[%clk
01:08:55]} 19. Qf3 {[%clk 00:47:14]} Rd7 {[%clk 01:06:29]} 20. e5 {[%clk
00:32:38]} Nd5 {[%clk 01:05:00]} 21. Ne4 {[%clk 00:32:16]} Nxe3 {[%clk
01:05:18]} 22. fxe3 {[%clk 00:29:30]} c4 {[%clk 01:01:46]} 23. Rae1 {[%clk
00:29:08]} Rd3 {[%clk 00:49:42]} 24. Nf6+ {[%clk 00:23:01]} gxf6 {[%clk
00:34:51]} 25. Qg4+ {[%clk 00:23:14]} Kh7 {[%clk 00:30:23]} 26. Qe4+ {[%clk
00:23:15]} 1/2-1/2

[Event "25th 4NCL Congress"]
[Site "Leamington Spa, United Kingdom"]
[Date "2021.07.10"]
[Round "2.19"]
[White "Arnott, Jonathan W"]
[Black "De Coverly, Roger D"]
[Result "1-0"]
[TimeControl "All moves in 90 minutes + 30 seconds per move"]
[WhiteElo "2128"]
[BlackElo "1958"]

1. e4 {[%clk 01:30:57]} {[%emt 00:00:02]} e5 {[%clk 01:30:43]} {[%emt
00:00:17]} 2. Nf3 {[%clk 01:31:06]} {[%emt 00:00:20]} Nc6 {[%clk 01:31:07]}
{[%emt 00:00:07]} 3. d4 {[%clk 01:31:31]} {[%emt 00:00:06]} exd4 {[%clk
01:31:26]} {[%emt 00:00:10]} 4. Bc4 {[%clk 01:31:58]} {[%emt 00:00:03]} Nf6
{[%clk 01:31:25]} {[%emt 00:00:31]} 5. e5 {[%clk 01:32:24]} {[%emt 00:00:04]}
d5 {[%clk 01:31:03]} {[%emt 00:00:52]} 6. Bb5 {[%clk 01:32:51]} {[%emt
00:00:03]} Ne4 {[%clk 01:31:11]} {[%emt 00:00:21]} 7. Nxd4 {[%clk 01:33:18]}
{[%emt 00:00:04]} Bd7 {[%clk 01:31:09]} {[%emt 00:00:32]} 8. Bxc6 {[%clk
01:33:42]} {[%emt 00:00:06]} bxc6 {[%clk 01:31:29]} {[%emt 00:00:11]} 9. O-O
{[%clk 01:33:58]} {[%emt 00:00:13]} Bc5 {[%clk 01:30:52]} {[%emt 00:01:08]} 10.
f3 {[%clk 01:31:57]} {[%emt 00:02:31]} Ng5 {[%clk 01:30:54]} {[%emt 00:00:28]}
11. Be3 {[%clk 01:30:53]} {[%emt 00:01:33]} Bb6 {[%clk 01:28:47]} {[%emt
00:02:37]} 12. Qd2 {[%clk 01:27:19]} {[%emt 00:04:05]} h6 {[%clk 01:23:44]}
{[%emt 00:05:33]} 13. Ne2 {[%clk 01:21:37]} {[%emt 00:06:12]} O-O {[%clk
01:14:42]} {[%emt 00:09:32]} 14. Nbc3 {[%clk 01:20:27]} {[%emt 00:01:40]} f5
{[%clk 01:11:25]} {[%emt 00:03:47]} 15. Bxb6 {[%clk 01:08:04]} {[%emt
00:12:53]} cxb6 {[%clk 01:11:20]} {[%emt 00:00:35]} 16. Nf4 {[%clk 01:08:30]}
{[%emt 00:00:04]} Ne6 {[%clk 01:08:47]} {[%emt 00:03:02]} 17. Rad1 {[%clk
01:05:08]} {[%emt 00:03:53]} Nxf4 {[%clk 01:06:14]} {[%emt 00:03:03]} 18. Qxf4
{[%clk 01:05:33]} {[%emt 00:00:05]} Be6 {[%clk 01:06:06]} {[%emt 00:00:38]} 19.
Qa4 {[%clk 01:03:19]} {[%emt 00:02:44]} Qc7 {[%clk 01:03:22]} {[%emt 00:03:14]}
20. f4 {[%clk 01:01:49]} {[%emt 00:02:00]} a5 {[%clk 01:02:30]} {[%emt
00:01:23]} 21. Rf3 {[%clk 00:59:06]} {[%emt 00:03:12]} b5 {[%clk 00:59:40]}
{[%emt 00:03:20]} 22. Qd4 {[%clk 00:59:13]} {[%emt 00:00:23]} Qa7 {[%clk
00:55:25]} {[%emt 00:04:45]} 23. Ne2 {[%clk 00:55:19]} {[%emt 00:04:23]} c5
{[%clk 00:52:37]} {[%emt 00:03:19]} 24. Qf2 {[%clk 00:55:47]} {[%emt 00:00:02]}
d4 {[%clk 00:50:12]} {[%emt 00:02:55]} 25. c3 {[%clk 00:53:13]} {[%emt
00:03:03]} dxc3 {[%clk 00:46:27]} {[%emt 00:04:17]} 26. Nxc3 {[%clk 00:52:53]}
{[%emt 00:00:49]} b4 {[%clk 00:41:57]} {[%emt 00:05:01]} 27. Nb5 {[%clk
00:52:11]} {[%emt 00:01:12]} Qb6 {[%clk 00:40:14]} {[%emt 00:02:13]} 28. a4
{[%clk 00:50:32]} {[%emt 00:02:09]} bxa3 {[%clk 00:35:35]} {[%emt 00:05:09]} 29.
Nxa3 {[%clk 00:50:43]} {[%emt 00:00:20]} Rfd8 {[%clk 00:32:26]} {[%emt
00:03:38]} 30. Rfd3 {[%clk 00:43:30]} {[%emt 00:07:42]} Rxd3 {[%clk 00:32:30]}
{[%emt 00:00:26]} 31. Rxd3 {[%clk 00:43:57]} {[%emt 00:00:03]} Qb4 {[%clk
00:31:04]} {[%emt 00:01:55]} 32. h3 {[%clk 00:36:15]} {[%emt 00:08:13]} Re8
{[%clk 00:25:27]} {[%emt 00:06:07]} 33. Rc3 {[%clk 00:26:05]} {[%emt 00:10:39]}
Rc8 {[%clk 00:20:35]} {[%emt 00:05:23]} 34. Kh2 {[%clk 00:22:28]} {[%emt
00:04:07]} Kf7 {[%clk 00:19:15]} {[%emt 00:01:49]} 35. g4 {[%clk 00:19:18]}
{[%emt 00:03:41]} Qd4 {[%clk 00:17:41]} {[%emt 00:02:05]} 36. Qxd4 {[%clk
00:18:09]} {[%emt 00:01:39]} cxd4 {[%clk 00:18:05]} {[%emt 00:00:06]} 37. Rxc8
{[%clk 00:18:36]} {[%emt 00:00:03]} Bxc8 {[%clk 00:18:27]} {[%emt 00:00:07]} 38.
Nc4 {[%clk 00:15:34]} {[%emt 00:03:31]} Be6 {[%clk 00:14:51]} {[%emt 00:04:06]}
39. Nd6+ {[%clk 00:15:49]} {[%emt 00:00:16]} Ke7 {[%clk 00:13:18]} {[%emt
00:02:03]} 40. gxf5 {[%clk 00:12:41]} {[%emt 00:03:38]} d3 {[%clk 00:10:31]}
{[%emt 00:03:17]} 41. fxe6 {[%clk 00:12:39]} {[%emt 00:00:32]} d2 {[%clk
00:10:15]} {[%emt 00:00:45]} 42. Nf5+ {[%clk 00:13:05]} {[%emt 00:00:05]} 1-0

[Event "25th 4NCL Congress"]
[Site "Leamington Spa, United Kingdom"]
[Date "2021.07.10"]
[Round "2.20"]
[White "Adams, Mark A"]
[Black "Paterson, Andrew I"]
[Result "1/2-1/2"]
[TimeControl "All moves in 90 minutes + 30 seconds per move"]
[WhiteElo "1944"]
[BlackElo "2046"]

1. e4 {[%clk 01:30:56]} {[%emt 00:00:04]} c5 {[%clk 01:30:55]} {[%emt
00:00:06]} 2. Nf3 {[%clk 01:31:16]} {[%emt 00:00:09]} Nc6 {[%clk 01:31:18]}
{[%emt 00:00:08]} 3. d4 {[%clk 01:31:34]} {[%emt 00:00:12]} cxd4 {[%clk
01:31:41]} {[%emt 00:00:07]} 4. Nxd4 {[%clk 01:32:00]} {[%emt 00:00:04]} e5
{[%clk 01:31:52]} {[%emt 00:00:18]} 5. Nb5 {[%clk 01:32:01]} {[%emt 00:00:31]}
d6 {[%clk 01:32:11]} {[%emt 00:00:10]} 6. c4 {[%clk 01:32:24]} {[%emt
00:00:06]} Be7 {[%clk 01:32:13]} {[%emt 00:00:28]} 7. N1c3 {[%clk 01:31:57]}
{[%emt 00:00:57]} a6 {[%clk 01:32:34]} {[%emt 00:00:09]} 8. Na3 {[%clk
01:32:24]} {[%emt 00:00:04]} f5 {[%clk 01:32:22]} {[%emt 00:00:41]} 9. exf5
{[%clk 01:32:50]} {[%emt 00:00:05]} Bxf5 {[%clk 01:32:39]} {[%emt 00:00:11]} 10.
Nc2 {[%clk 01:30:47]} {[%emt 00:02:34]} Nf6 {[%clk 01:30:48]} {[%emt 00:02:20]}
11. Be2 {[%clk 01:29:31]} {[%emt 00:01:47]} O-O {[%clk 01:29:52]} {[%emt
00:01:26]} 12. O-O {[%clk 01:29:07]} {[%emt 00:00:54]} Qd7 {[%clk 01:25:09]}
{[%emt 00:05:12]} 13. Ne3 {[%clk 01:16:06]} {[%emt 00:13:32]} Be6 {[%clk
01:21:54]} {[%emt 00:03:45]} 14. Ned5 {[%clk 01:15:27]} {[%emt 00:01:10]} Rae8
{[%clk 01:22:14]} {[%emt 00:00:10]} 15. Be3 {[%clk 01:14:22]} {[%emt 00:01:34]}
Bd8 {[%clk 01:19:32]} {[%emt 00:03:12]} 16. f3 {[%clk 01:11:02]} {[%emt
00:03:50]} Ne7 {[%clk 01:17:36]} {[%emt 00:02:26]} 17. Nxf6+ {[%clk 00:56:47]}
{[%emt 00:14:44]} gxf6 {[%clk 01:15:34]} {[%emt 00:02:32]} 18. Ne4 {[%clk
00:54:38]} {[%emt 00:02:39]} Nc8 {[%clk 01:05:27]} {[%emt 00:10:38]} 19. Qd2
{[%clk 00:49:41]} {[%emt 00:05:28]} Kh8 {[%clk 00:52:48]} {[%emt 00:13:08]} 20.
Rfd1 {[%clk 00:48:52]} {[%emt 00:01:20]} Bc7 {[%clk 00:51:25]} {[%emt
00:01:52]} 21. Rac1 {[%clk 00:40:20]} {[%emt 00:09:03]} Qf7 {[%clk 00:41:10]}
{[%emt 00:10:44]} 22. Kh1 {[%clk 00:37:07]} {[%emt 00:03:44]} Rg8 {[%clk
00:41:13]} {[%emt 00:00:25]} 23. Bf1 {[%clk 00:31:04]} {[%emt 00:06:36]} Rd8
{[%clk 00:39:32]} {[%emt 00:02:10]} 24. Qf2 {[%clk 00:30:38]} {[%emt 00:00:57]}
Qg6 {[%clk 00:24:43]} {[%emt 00:15:19]} 25. b3 {[%clk 00:18:06]} {[%emt
00:13:03]} Ne7 {[%clk 00:19:23]} {[%emt 00:05:49]} 26. Bb6 {[%clk 00:17:47]}
{[%emt 00:00:49]} Bxb6 {[%clk 00:12:28]} {[%emt 00:07:25]} 27. Qxb6 {[%clk
00:18:11]} {[%emt 00:00:06]} Nf5 {[%clk 00:11:41]} {[%emt 00:01:16]} 28. Nxd6
{[%clk 00:14:41]} {[%emt 00:04:01]} Nd4 {[%clk 00:09:32]} {[%emt 00:02:38]} 29.
Ne4 {[%clk 00:11:04]} {[%emt 00:04:07]} Rde8 {[%clk 00:04:29]} {[%emt
00:05:33]} 30. Qb4 {[%clk 00:04:42]} {[%emt 00:06:52]} 1/2-1/2

[Event "25th 4NCL Congress"]
[Site "Leamington Spa, United Kingdom"]
[Date "2021.07.10"]
[Round "2.21"]
[White "Gibbs, Dominic V"]
[Black "Farrington, Edward J"]
[Result "1/2-1/2"]
[TimeControl "All moves in 90 minutes + 30 seconds per move"]
[WhiteElo "1909"]
[BlackElo "1983"]

1. e4 {[%clk 01:30:57]} {[%emt 00:00:01]} d5 {[%clk 01:30:56]} {[%emt
00:00:05]} 2. exd5 {[%clk 01:31:22]} {[%emt 00:00:06]} c6 {[%clk 01:31:20]}
{[%emt 00:00:06]} 3. c4 {[%clk 01:31:00]} {[%emt 00:00:52]} Nf6 {[%clk
01:30:59]} {[%emt 00:00:50]} 4. Nc3 {[%clk 01:31:23]} {[%emt 00:00:07]} cxd5
{[%clk 01:30:44]} {[%emt 00:00:45]} 5. d4 {[%clk 01:31:43]} {[%emt 00:00:10]}
g6 {[%clk 01:31:04]} {[%emt 00:00:10]} 6. Qb3 {[%clk 01:32:00]} {[%emt
00:00:13]} Bg7 {[%clk 01:31:23]} {[%emt 00:00:10]} 7. cxd5 {[%clk 01:32:23]}
{[%emt 00:00:08]} O-O {[%clk 01:31:37]} {[%emt 00:00:16]} 8. Be2 {[%clk
01:32:37]} {[%emt 00:00:15]} Nbd7 {[%clk 01:25:59]} {[%emt 00:06:09]} 9. Bf3
{[%clk 01:32:54]} {[%emt 00:00:13]} Nb6 {[%clk 01:25:03]} {[%emt 00:01:26]} 10.
Nge2 {[%clk 01:33:06]} {[%emt 00:00:18]} Bg4 {[%clk 01:24:26]} {[%emt
00:01:07]} 11. Bxg4 {[%clk 01:32:27]} {[%emt 00:01:10]} Nxg4 {[%clk 01:24:53]}
{[%emt 00:00:03]} 12. Bf4 {[%clk 01:30:55]} {[%emt 00:02:02]} Qd7 {[%clk
01:20:12]} {[%emt 00:05:10]} 13. O-O {[%clk 01:29:04]} {[%emt 00:02:22]} Nf6
{[%clk 01:08:53]} {[%emt 00:11:48]} 14. d6 {[%clk 01:29:16]} {[%emt 00:00:20]}
exd6 {[%clk 01:06:41]} {[%emt 00:02:40]} 15. Nb5 {[%clk 01:26:22]} {[%emt
00:03:25]} Nc8 {[%clk 00:41:16]} {[%emt 00:25:54]} 16. Rac1 {[%clk 01:22:39]}
{[%emt 00:04:13]} Ne8 {[%clk 00:40:09]} {[%emt 00:01:39]} 17. Rfe1 {[%clk
01:09:31]} {[%emt 00:13:37]} Ne7 {[%clk 00:32:00]} {[%emt 00:08:38]} 18. a4
{[%clk 01:01:42]} {[%emt 00:08:19]} Nc6 {[%clk 00:31:01]} {[%emt 00:01:29]} 19.
Qa3 {[%clk 00:46:06]} {[%emt 00:16:06]} Rd8 {[%clk 00:18:36]} {[%emt 00:12:55]}
20. Bg5 {[%clk 00:37:07]} {[%emt 00:09:29]} f6 {[%clk 00:15:13]} {[%emt
00:03:52]} 21. Be3 {[%clk 00:36:20]} {[%emt 00:01:18]} a6 {[%clk 00:13:14]}
{[%emt 00:02:30]} 22. Nbc3 {[%clk 00:36:14]} {[%emt 00:00:36]} d5 {[%clk
00:10:03]} {[%emt 00:03:41]} 23. Nf4 {[%clk 00:30:22]} {[%emt 00:06:22]} Nc7
{[%clk 00:09:23]} {[%emt 00:01:09]} 24. a5 {[%clk 00:29:45]} {[%emt 00:01:08]}
f5 {[%clk 00:08:08]} {[%emt 00:01:45]} 25. Nd3 {[%clk 00:11:52]} {[%emt
00:18:23]} Rde8 {[%clk 00:06:05]} {[%emt 00:02:33]} 26. Nc5 {[%clk 00:11:08]}
{[%emt 00:01:14]} Qc8 {[%clk 00:05:34]} {[%emt 00:01:00]} 27. Ne2 {[%clk
00:05:30]} {[%emt 00:06:09]} h6 {[%clk 00:02:05]} {[%emt 00:04:00]} 28. h4
{[%clk 00:04:07]} {[%emt 00:01:53]} 1/2-1/2

[Event "25th 4NCL Congress"]
[Site "Leamington Spa, United Kingdom"]
[Date "2021.07.10"]
[Round "2.22"]
[White "Chan, Sheng Liang Bernard"]
[Black "Truman, Richard G"]
[Result "1/2-1/2"]
[TimeControl "All moves in 90 minutes + 30 seconds per move"]
[WhiteElo "1852"]
[BlackElo "1913"]

1. d4 {[%clk 01:30:54]} {[%emt 00:00:03]} Nf6 {[%clk 01:30:55]} {[%emt
00:00:06]} 2. Bf4 {[%clk 01:31:14]} {[%emt 00:00:10]} g6 {[%clk 01:30:45]}
{[%emt 00:00:40]} 3. Nf3 {[%clk 01:31:30]} {[%emt 00:00:13]} Bg7 {[%clk
01:30:56]} {[%emt 00:00:19]} 4. e3 {[%clk 01:31:47]} {[%emt 00:00:14]} O-O
{[%clk 01:30:48]} {[%emt 00:00:37]} 5. Nbd2 {[%clk 01:31:53]} {[%emt 00:00:25]}
d6 {[%clk 01:27:38]} {[%emt 00:03:40]} 6. h3 {[%clk 01:31:32]} {[%emt
00:00:49]} c5 {[%clk 01:27:52]} {[%emt 00:00:16]} 7. c3 {[%clk 01:31:56]}
{[%emt 00:00:07]} Nc6 {[%clk 01:27:35]} {[%emt 00:00:46]} 8. Be2 {[%clk
01:31:11]} {[%emt 00:01:16]} cxd4 {[%clk 01:22:57]} {[%emt 00:05:09]} 9. exd4
{[%clk 01:31:01]} {[%emt 00:00:39]} e5 {[%clk 01:15:11]} {[%emt 00:08:16]} 10.
dxe5 {[%clk 01:26:19]} {[%emt 00:05:12]} dxe5 {[%clk 01:15:26]} {[%emt
00:00:15]} 11. Nxe5 {[%clk 01:26:14]} {[%emt 00:00:35]} Nd5 {[%clk 01:15:44]}
{[%emt 00:00:12]} 12. Nxc6 {[%clk 01:26:29]} {[%emt 00:00:16]} bxc6 {[%clk
01:16:07]} {[%emt 00:00:06]} 13. Bg3 {[%clk 01:26:40]} {[%emt 00:00:19]} Re8
{[%clk 01:15:39]} {[%emt 00:00:58]} 14. O-O {[%clk 01:22:29]} {[%emt 00:04:41]}
Bxc3 {[%clk 01:04:48]} {[%emt 00:11:22]} 15. Bc4 {[%clk 01:21:40]} {[%emt
00:01:20]} Bxb2 {[%clk 01:02:58]} {[%emt 00:02:20]} 16. Bxd5 {[%clk 01:22:04]}
{[%emt 00:00:05]} Qxd5 {[%clk 01:01:55]} {[%emt 00:01:33]} 17. Rb1 {[%clk
01:22:11]} {[%emt 00:00:23]} Bc3 {[%clk 00:57:20]} {[%emt 00:05:06]} 18. Nb3
{[%clk 01:19:41]} {[%emt 00:03:00]} Ba6 {[%clk 00:54:51]} {[%emt 00:02:59]} 19.
Qxd5 {[%clk 01:19:19]} {[%emt 00:00:53]} cxd5 {[%clk 00:55:17]} {[%emt
00:00:03]} 20. Rfd1 {[%clk 01:19:26]} {[%emt 00:00:23]} Bc4 {[%clk 00:47:05]}
{[%emt 00:08:42]} 21. Rbc1 {[%clk 01:19:23]} {[%emt 00:00:33]} Bg7 {[%clk
00:44:52]} {[%emt 00:02:42]} 22. Na5 {[%clk 01:17:09]} {[%emt 00:02:45]} Be2
{[%clk 00:37:15]} {[%emt 00:08:07]} 23. Rxd5 {[%clk 01:14:56]} {[%emt
00:02:42]} Red8 {[%clk 00:35:44]} {[%emt 00:02:00]} 24. Rxd8+ {[%clk 01:09:35]}
{[%emt 00:05:52]} Rxd8 {[%clk 00:36:10]} {[%emt 00:00:04]} 25. Rc7 {[%clk
01:09:51]} {[%emt 00:00:12]} a6 {[%clk 00:32:01]} {[%emt 00:04:41]} 26. Nb7
{[%clk 01:08:59]} {[%emt 00:01:22]} Rf8 {[%clk 00:27:47]} {[%emt 00:04:44]} 27.
Nd6 {[%clk 00:57:21]} {[%emt 00:12:09]} f5 {[%clk 00:24:31]} {[%emt 00:03:45]}
28. Bf4 {[%clk 00:53:07]} {[%emt 00:04:44]} Bf6 {[%clk 00:24:09]} {[%emt
00:00:52]} 29. Nc8 {[%clk 00:47:31]} {[%emt 00:06:06]} Rf7 {[%clk 00:20:47]}
{[%emt 00:03:52]} 30. Rc5 {[%clk 00:45:52]} {[%emt 00:02:04]} Rb7 {[%clk
00:19:47]} {[%emt 00:01:37]} 31. Nd6 {[%clk 00:45:14]} {[%emt 00:01:08]} Rb8
{[%clk 00:17:58]} {[%emt 00:02:19]} 32. Kh2 {[%clk 00:42:49]} {[%emt 00:02:55]}
Be7 {[%clk 00:15:35]} {[%emt 00:02:57]} 33. Rc2 {[%clk 00:42:16]} {[%emt
00:00:59]} Bxd6 {[%clk 00:13:45]} {[%emt 00:02:19]} 34. Bxd6 {[%clk 00:42:44]}
{[%emt 00:00:02]} Re8 {[%clk 00:14:02]} {[%emt 00:00:14]} 35. Kg3 {[%clk
00:41:46]} {[%emt 00:01:27]} h6 {[%clk 00:10:45]} {[%emt 00:03:47]} 36. Rc7
{[%clk 00:38:58]} {[%emt 00:03:18]} Re6 {[%clk 00:07:27]} {[%emt 00:03:48]} 37.
Bc5 {[%clk 00:37:08]} {[%emt 00:02:19]} Bb5 {[%clk 00:07:34]} {[%emt 00:00:24]}
38. h4 {[%clk 00:36:07]} {[%emt 00:01:31]} Rc6 {[%clk 00:07:39]} {[%emt
00:00:25]} 39. Rxc6 {[%clk 00:35:47]} {[%emt 00:00:49]} Bxc6 {[%clk 00:08:08]}
{[%emt 00:00:02]} 40. f3 {[%clk 00:35:35]} {[%emt 00:00:42]} Kf7 {[%clk
00:07:32]} {[%emt 00:01:05]} 41. Kf4 {[%clk 00:35:23]} {[%emt 00:00:43]} Kf6
{[%clk 00:06:02]} {[%emt 00:02:00]} 42. Bd4+ {[%clk 00:35:47]} {[%emt
00:00:06]} Kf7 {[%clk 00:05:58]} {[%emt 00:00:34]} 43. Ke5 {[%clk 00:35:46]}
{[%emt 00:00:30]} Bb5 {[%clk 00:06:10]} {[%emt 00:00:19]} 44. h5 {[%clk
00:35:08]} {[%emt 00:01:09]} Bf1 {[%clk 00:06:14]} {[%emt 00:00:24]} 45. g3
{[%clk 00:34:09]} {[%emt 00:01:30]} Be2 {[%clk 00:06:19]} {[%emt 00:00:25]} 46.
hxg6+ {[%clk 00:33:45]} {[%emt 00:00:54]} Kxg6 {[%clk 00:06:48]} {[%emt
00:00:01]} 47. Kf4 {[%clk 00:33:57]} {[%emt 00:00:18]} Bc4 {[%clk 00:06:41]}
{[%emt 00:00:37]} 48. a3 {[%clk 00:34:13]} {[%emt 00:00:15]} Bd5 {[%clk
00:06:58]} {[%emt 00:00:12]} 49. Bc5 {[%clk 00:33:58]} {[%emt 00:00:45]} Bc6
{[%clk 00:07:07]} {[%emt 00:00:21]} 50. Bf8 {[%clk 00:34:02]} {[%emt 00:00:27]}
Bd5 {[%clk 00:07:24]} {[%emt 00:00:12]} 51. Ke3 {[%clk 00:33:57]} {[%emt
00:00:35]} Bc6 {[%clk 00:07:09]} {[%emt 00:00:45]} 52. f4 {[%clk 00:34:01]}
{[%emt 00:00:25]} Kh5 {[%clk 00:06:38]} {[%emt 00:01:01]} 53. Kd4 {[%clk
00:34:00]} {[%emt 00:00:31]} Be4 {[%clk 00:06:40]} {[%emt 00:00:27]} 54. Be7
{[%clk 00:32:45]} {[%emt 00:01:45]} Kg4 {[%clk 00:07:02]} {[%emt 00:00:09]} 55.
Bh4 {[%clk 00:33:12]} {[%emt 00:00:02]} Kf3 {[%clk 00:07:02]} {[%emt 00:00:31]}
56. Ke5 {[%clk 00:33:22]} {[%emt 00:00:20]} Kg4 {[%clk 00:06:59]} {[%emt
00:00:33]} 57. Kf6 {[%clk 00:33:33]} {[%emt 00:00:19]} h5 {[%clk 00:07:18]}
{[%emt 00:00:11]} 58. Kg6 {[%clk 00:33:49]} {[%emt 00:00:15]} Bc6 {[%clk
00:07:32]} {[%emt 00:00:15]} 1/2-1/2